01584cam a2200265 a 4500003000900000005001700009008004100026040002800067041000800095100003500103245024700138246013400385260005400519300003100573502010200604520035800706530002201064653003601086653002001122653000801142700004801150700004701198700004001245856003301285EG-GiCUC20250223030630.0120603s2012 ua d f m 000 0 eng d aEG-GiCUCbengcEG-GiCUC0 aeng0 aYasser Khamis Mohamed Abdallah10aInfertility treatment outcome evaluation in infertile obese patients undergoing intracytoplasmic sperm injection / cYasser Khamis Mohamed Abdallah ; Supervised Ismael Ibrahim Aboulfoutouh , Hazem Salah Eldeen Elashmawi , Mohamed Nagi Mohesen15aتقييم ناتج علاج العقم في مرضى السمنة عن طريق الحقن المجهرى للسيتوبلازم aCairo : bYasser Khamis Mohamed Abdallah , c2012 a105 P. : bcharts ; c25cm aThesis (Ph.D.) - Cairo University - Faculty of Medicine - Department of Gynecology and Obstetrics aThe aim of this study to observe the impact of obesity on the outcome of IVF and ICSI cycles and to compare the outcome of IVF or ICSI treatments in obese patients to that in morbidly obese patients. A total of 120 patients undergoing ICSI cycles were categorized on the basis of body mass index: (group A 30-34.9 group B {u2265}35 and group C{u227A} 30 aIssued also as CD 4aAssisted reproduction treatment 4aBody mass index 4aIVF0 aHazem Salah Eldeen Elashmawi , eSupervisor0 aIsmael Ibrahim Aboulfoutouh , eSupervisor0 aMohamed Nagi Mohesen , eSupervisor uhttp://172.23.153.220/th.pdf